Mechanics of materials (Record no. 7098)

000 -LEADER
fixed length control field 00515nam a2200193 a 4500
001 - CONTROL NUMBER
control field 7098
003 - CONTROL NUMBER IDENTIFIER
control field BD-DhUET
008 - FIXED-LENGTH DATA ELEMENTS--GENERAL INFORMATION
fixed length control field 900618s1991 nyua 001 0 eng
040 ## - CATALOGING SOURCE
Original cataloging agency DLC
Transcribing agency DLC
Modifying agency BD-DhUET
082 00 - DEWEY DECIMAL CLASSIFICATION NUMBER
Classification number 620.11
Item number LAU/1954
100 ## - MAIN ENTRY--PERSONAL NAME
Personal name Laurson,Philip Gustave
245 10 - TITLE STATEMENT
Title Mechanics of materials
250 ## - EDITION STATEMENT
Edition statement 3rd ed.
260 ## - PUBLICATION, DISTRIBUTION, ETC. (IMPRINT)
Place of publication, distribution, etc. New York
Name of publisher, distributor, etc. John wiley & sons
Date of publication, distribution, etc. 1954
300 ## - PHYSICAL DESCRIPTION
Extent vii, 414 p.
Other physical details ill.
Dimensions 25 cm.
650 #0 - SUBJECT ADDED ENTRY--TOPICAL TERM
Topical term or geographic name as entry element Strength of materials engineering
700 ## - ADDED ENTRY--PERSONAL NAME
Personal name Cox, William Junkin
942 ## - ADDED ENTRY ELEMENTS (KOHA)
Koha item type General Book
Holdings
Koha full call number Location (home branch) Sublocation or collection (holding branch) Date acquired Piece designation (barcode) Damaged status Koha item type Koha normalized classification for sorting Withdrawn status Koha issues (times borrowed) Shelving location Koha date last borrowed Not for loan Copy number Source of classification or shelving scheme Lost status Koha date last seen Price effective from
620.11/LAU/1954Central Library, BUETCentral Library, BUET2014-12-0774309 General Book620_000000000000000_11LAU1954 1Circulation section2019-10-30 1  2019-12-042014-12-07
620.11/LAU/1954Central Library, BUETCentral Library, BUET2014-12-0774310 General Book620_000000000000000_11LAU1954  Circulation section  2  2014-12-072014-12-07
620.11/LAU/1954Central Library, BUETCentral Library, BUET2015-03-3017491 General Book620_110000000000000_LAU_1954  Circulation section  3  2015-03-302015-03-30
620.11/LAU/1954Central Library, BUETCentral Library, BUET2015-04-3054025 General Book620_110000000000000_LAU_1954  Circulation section  4  2015-04-302015-04-30
620.11/LAU/1954Central Library, BUETCentral Library, BUET2015-04-3054027 General Book620_110000000000000_LAU_1954  Circulation section  5  2015-04-302015-04-30
620.11/LAU/1964Central Library, BUETCentral Library, BUET2015-06-2054022 Reading Item620_110000000000000_LAU_1964  Reading section  6  2015-06-202015-06-20
620.11/LAU/1964Central Library, BUETCentral Library, BUET2015-06-2054018 Reading Item620_110000000000000_LAU_1964  Reading section  7  2015-06-202015-06-20
620.11/LAU/1954Central Library, BUETCentral Library, BUET2015-06-2954028 Reading Item620_110000000000000_LAU_1954  Reading section  8  2015-06-292015-06-29
620.11/LAU/1964Central Library, BUETCentral Library, BUET2015-06-2954019 Reading Item620_110000000000000_LAU_1964  Reading section  9  2015-06-292015-06-29
620.11/LAU/1964Central Library, BUETCentral Library, BUET2015-06-2954020 Reading Item620_110000000000000_LAU_1964  Reading section  10  2015-06-292015-06-29
620.11/LAU/1954Central Library, BUETCentral Library, BUET2015-07-0154014 Reading Item620_110000000000000_LAU_1954  Reading section  11  2015-07-012015-07-01